نخبة الفكر في مصطلح اهل الاثر.وثانيتهما بلوغ المرام المرام من حيمع ادلة الاحكام ;; nukhbat alfikr fi mustalah ahl alathar.wthaniatihima bulugh almaram almiram min himae adilat alahkam / / (Record no. 79092)
[ view plain ]
| 000 -LEADER | |
|---|---|
| fixed length control field | 01294cam a2200229 i 4500 |
| 001 - CONTROL NUMBER | |
| control field | 79092 |
| 003 - CONTROL NUMBER IDENTIFIER | |
| rucl marc code | BD-RjUL |
| 005 - DATE AND TIME OF LATEST TRANSACTION | |
| control field | 20211230144705.0 |
| 008 - FIXED-LENGTH DATA ELEMENTS--GENERAL INFORMATION | |
| fixed length control field | 200128s1895 ii 000 0 ara |
| 035 ## - SYSTEM CONTROL NUMBER | |
| System control number | (BD-RjUL)79092 |
| 040 ## - CATALOGING SOURCE | |
| Original cataloging agency | DLC |
| Language of cataloging | eng |
| Description conventions | rda |
| Transcribing agency | DLC |
| 041 0# - LANGUAGE CODE | |
| Language code of text/sound track or separate title | ara |
| -- | per |
| 082 ## - DEWEY DECIMAL CLASSIFICATION NUMBER | |
| Edition number | 23 |
| Classification number | 297.125 |
| Author mark and year | IBN 1895 |
| 100 1# - MAIN ENTRY--PERSONAL NAME | |
| Personal name | إبن حجر العسقلاني، أحمد بن علي ;; Ibn Ḥajar al-ʻAsqalānī, Aḥmad ibn ʻAlī, |
| Dates associated with a name | 1372-1449. هـ |
| 9 (RLIN) | 410 |
| 245 10 - TITLE STATEMENT | |
| Title | نخبة الفكر في مصطلح اهل الاثر.وثانيتهما بلوغ المرام المرام من حيمع ادلة الاحكام ;; nukhbat alfikr fi mustalah ahl alathar.wthaniatihima bulugh almaram almiram min himae adilat alahkam / / |
| Statement of responsibility, etc. | شهاب الدين أبو الفضل أحمد بن علي بن محمد الكناني ابن حجر العسقلاني ;; Shihab al-Din Abu al-Fadl Ahmad ibn Ali ibn Muhammad al-Kinani ibn Hajar al-Asqalani,ـ |
| 264 #1 - PRODUCTION, PUBLICATION, DISTRIBUTION, MANUFACTURE, AND COPYRIGHT NOTICE | |
| Place of production, publication, distribution, manufacture | Karachi : |
| Name of producer, publisher, distributor, manufacturer | nur muhammad Asih , |
| Date of production, publication, distribution, manufacture, or copyright notice | 193? |
| 300 ## - PHYSICAL DESCRIPTION | |
| Pagination | 151, pages ; |
| Size | 24 cm |
| 600 10 - SUBJECT ADDED ENTRY--PERSONAL NAME | |
| Personal name | Ibn Ḥajar al-ʻAsqalānī, Aḥmad ibn ʻAlī, |
| Dates associated with a name | 1372-1449. |
| Personal name | Ibn Ḥajar al-ʻAsqalānī, Aḥmad ibn ʻAlī, |
| Dates associated with a name | 1372-1449. |
| Title of a work | Bulūgh al-marām. |
| 650 #0 - SUBJECT ADDED ENTRY--TOPICAL TERM | |
| Topical term or geographic name as entry element | Hadith |
| Form subdivision | Terminology |
| -- | Early works to 1800. |
| 9 (RLIN) | 374 |
| 942 ## - ADDED ENTRY ELEMENTS (KOHA) | |
| Source of classification or shelving scheme | Dewey Decimal Classification |
| Koha item type | Books |
| Lost status | Source of classification or shelving scheme | Damaged status | Not for loan | Collection code | Permanent Location | Current Location | Shelving location | Date acquired | Source of acquisition | Cost, normal purchase price | Total Checkouts | Full call number | Date last seen | Copy number | Koha item type |
|---|---|---|---|---|---|---|---|---|---|---|---|---|---|---|---|
| Dewey Decimal Classification | Not For Loan | Non-fiction | Central Library, University of Rajshahi | Central Library, University of Rajshahi | Reading Room | 30/04/1964 | Urdu Librabry | 2.00 | A 297.125 IBN 192? | 30/12/2021 | C-1 | Books |